000 00664nam a2200193 i 4500
001 41846
003 ES-MaACL
005 20231229063010.0
007 t|
008 030311s1978 sp ||||1| spa d
100 1 _aCastán Tobeñas, José,
_d1889-1969
_936392
245 1 0 _aDerecho civil español común y foral
_b: . Tomo sexto: derecho de sucesiones. Volumen tercero... /
_cJosé Castán Tobeñas.
250 _a8ª ed. rev. y puesta al día
_bpor José Luis de los Mozos.
260 _aMadrid :
_bReus,
_c1978.
300 _a418 p. ;
_c23 cm.
700 1 _aMozos, José Luis de los.
_984001
852 _aES-MaACL
_jA-8184
_bR.97007
999 _c41846
_d41846